016650000a22004690004500003001100000008004100011040003900052041000800091082001300099245007700112260001300189300001000202490001200212650001700224650002800241650003800269650003900307650005400346650002500400650002400425650003400449650002300483650003100506650002400537650003500561650005200596650002600648650003800674650003800712650003100750650003500781650004500816650003900861650004800900650003100948650002900979650002401008650003401032650002501066650004701091650005701138LK-CoMWRAF230817t ||||| |||| 00| 0 eng d aLK-CoMWRAFdLK-CoMWRAFeLK-CoMWRAF aeng a743bCEY aThe Ceylon Muslim Scholarship FundbIlangaik Muslim Kalvich Sagaya Nithi bac1948 ap.190 aVol. 04 aA.M.A. Azeez aA.R. Kareem Scholarship aAbdul Jabbar Memorial Scholarship aAll Ceylon Muslim Scholarship Fund aCeylon Muslim and English Education by T.B. Jayah aEnglish & Tamil Text aHafeera Scholarship aHajiyani Khadijah Scholarship aIlangaiK Muslimgal aIlangaiK Muslimgalin Kalvi aIqbalin Pon Moligal aJoyce Ameena Cader Scholarship aKhan Bahadur Seyd Abubacker Moulana Scholarship aKing Fuad Scholarship aMackeen Shahul Hameed Scholarship aMahamudmiyan Memorial Scholarship aMathany Ismail Scholarship aMeeyan Abdul Cader Scholarship aMrs. Mahbooba Hamid Memorial Scholarship aMuhusina Naina Marikar Scholarship aRules of the Ceylon Muslim Scholarship Fund aS.D.M. Mansoor Scholarship aSalaymohamed Scholarship aShariff Scholarship aSheik Ismail Alim Scholarship aSir Seyed Ahmad Khan aTaherbhai Gulamhusein Memorial Scholarship aThe Speech on the University for Ceylon by M.T.Akbar